kku e-library facility

Themes and Methods in Defense and Security studies: (Record no. 106)

MARC details
000 -LEADER
fixed length control field 00473nam a22001457a 4500
008 - FIXED-LENGTH DATA ELEMENTS--GENERAL INFORMATION
fixed length control field 260108b |||||||| |||| 00| 0 eng d
020 ## - INTERNATIONAL STANDARD BOOK NUMBER
International Standard Book Number 0789788554240
100 ## - MAIN ENTRY--PERSONAL NAME
Personal name Emegha Ndubuisi,k
245 ## - TITLE STATEMENT
Title Themes and Methods in Defense and Security studies:
Remainder of title Essays in honour of Rear Admiral Godwin Ndubuisi Kanu/
Statement of responsibility, etc. Emegha Ndubuisi,K.
260 ## - PUBLICATION, DISTRIBUTION, ETC.
Place of publication, distribution, etc. Awka-NIGERIA.
Name of publisher, distributor, etc. FAB EDUCATIONAL BOOKS,
Date of publication, distribution, etc. 20222
300 ## - PHYSICAL DESCRIPTION
Dimensions 22.8cm
500 ## - GENERAL NOTE
General note kku library
942 ## - ADDED ENTRY ELEMENTS (KOHA)
Source of classification or shelving scheme Library of Congress Classification

No items available.

©2025 All rights reserved. KKU